| 000 | 01275nam0a2200325 i 4500 | ||
|---|---|---|---|
| 001 | RU\NLR\bibl\1951862 | ||
| 005 | 20240921143832.0 | ||
| 010 |
_a9785904557049 _92000 |
||
| 021 |
_aRU _b2012-68119 _94998 |
||
| 035 | _a(NLR Aleph) 001940995 | ||
| 090 |
_a3565239 _c3565239 |
||
| 100 | _a20121005d2012 u y0rusy50 ca | ||
| 101 | 1 |
_arus _ceng |
|
| 102 | _aRU | ||
| 105 | _aa ||||||||| | ||
| 200 | 1 |
_aБелые велосипеды _eкак делали музыку в 60-е _fДжо Бойд _g[пер. с англ. П. Кулеша] |
|
| 210 |
_aЕкатеринбург _cГонzо _d2012 |
||
| 215 |
_a476, [2] с. _cил., портр. _d21 |
||
| 300 | _aЗагл. и авт. ориг.: White bicycles / Joe Boyd | ||
| 454 | 0 |
_12001#$aWhite bicycles$zeng _1700#1$aBoyd$bJ.$gJoe$4070 _tWhite bicycles _aBoyd, Joe |
|
| 606 | 1 |
_aМузыка _yСоединенные Штаты Америки _z1960-ые гг. _92129005 _3RU\NLR\auth\661588612 |
|
| 606 | 1 |
_aМузыка _yВеликобритания _z1960-ые гг. _92129007 _3RU\NLR\auth\661588613 |
|
| 686 | _aЩ313(7США)6 | ||
| 686 | _aЩ313(4Вл)6 | ||
| 700 | 1 |
_aБойд _bД. _gДжо _4070 |
|
| 801 | 0 |
_aRU _bNLR _c20121005 _gRCR |
|
| 801 | 1 |
_aRU _bNLR _c20121005 |
|
| 942 | _cBOOK | ||
| 980 | _aNBR | ||